[Event "chess.com Speed U20"]
[Site "Chess.com INT"]
[Date "2019.07.18"]
[Round "3.5"]
[White "Maghsoodloo, Parham"]
[Black "Xiong, Jeffery"]
[Result "1-0"]
[WhiteElo "2671"]
[BlackElo "2679"]
[PlyCount "67"]
[EventDate "2019.05.16"]
[EventType "k.o. (blitz)"]
[EventRounds "4"]
[EventCountry "USA"]
[SourceTitle "EXT 2020"]
[Source "ChessBase"]
[SourceDate "2019.10.17"]
[SourceVersion "1"]
[SourceVersionDate "2019.10.17"]
[SourceQuality "1"]

1. Nf3 d5 2. g3 Nd7 3. Bg2 e5 4. d3 Bd6 ({RR} 4... Ngf6 5. c4 dxc4 6. dxc4 Bc5 7. O-O e4 8. Ng5 e3 9. f4 O-O 10. Nc3 Nb6 11. b3 h6 12. Nf3 Bf5 13. Nh4 Qxd1 14. Nxd1 Bg4 15. Bxe3 Nbd7 16. Bxb7 Rab8 17. Bf3 Bh3 18. Re1 Rfe8 19. Bxc5 {Khotenashvili,B (2420)-Kazakouski,V (2562) chess.com INT 2025 1-0 (53)}) 5. c3 ({RR} 5. O-O c6 6. c4 Ne7 7. e4 dxc4 8. dxc4 Nf6 9. Nc3 O-O 10. Bg5 Ng6 11. h3 Qe7 12. Rc1 Rd8 13. Qe2 h6 14. Be3 Bc5 15. Bd2 Be6 16. a3 Qd7 17. Kh2 Qd3 18. Qxd3 Rxd3 19. b4 Bd4 {Grischuk,A (2777)-Xiong,J (2709) chess24.com INT 2020 0-1 (51)}) ({RR} 5. O-O Ne7 6. e4 d4 7. Nbd2 c5 8. Nc4 Bc7 9. a4 Nc6 10. c3 O-O 11. cxd4 cxd4 12. Bd2 a5 13. Qe2 Nc5 14. Nh4 Be6 15. Nf5 Bxc4 16. dxc4 g6 17. Nh6+ Kg7 18. h4 Nb3 19. Ra3 Nxd2 {Marek,M (2330)-Xiong,J (2692) chess.com INT 2023 0-1 (39)}) 5... Ne7 6. b4 $146 ({RR} 6. Nbd2 O-O 7. O-O a5 8. b3 a4 9. b4 c5 10. bxc5 Nxc5 11. d4 Nd7 12. e4 exd4 13. cxd4 Nb6 14. Rb1 Nc6 15. Bb2 Re8 16. exd5 Nxd5 17. Nc4 Bf5 18. Rc1 Ncb4 19. Nfe5 Bxe5 20. dxe5 Nd3 {Maghsoodloo,P (2671)-Xiong,J (2679) Chess.com INT 2019 1-0}) 6... a5 7. b5 a4 8. Ba3 Nb6 9. O-O O-O 10. Nfd2 Bg4 11. h3 Bh5 12. c4 Bxa3 13. Nxa3 Qd6 14. Qc1 Qe6 15. cxd5 Nbxd5 16. Re1 Rfc8 17. Nac4 c6 18. Rb1 c5 19. Ne4 b6 20. Qg5 Bg6 21. Qxe5 Qxe5 22. Nxe5 Bxe4 23. Bxe4 Ra7 24. Rec1 Nf6 25. Bf3 Kf8 26. a3 Nd7 27. Nc4 Rb8 28. e3 Nf6 29. g4 Nfd5 30. Ne5 Rc8 31. d4 Rac7 32. dxc5 f6 33. Nd3 bxc5 34. b6 1-0

[Event "Hengshui IMSA blitz"]
[Site "Hengshui"]
[Date "2019.05.18"]
[Round "18"]
[White "Mamedov, Rauf"]
[Black "Yu, Yangyi"]
[Result "1-0"]
[WhiteElo "2650"]
[BlackElo "2739"]
[PlyCount "67"]
[EventDate "2019.05.17"]
[EventType "swiss (blitz)"]
[EventRounds "22"]
[EventCountry "CHN"]
[SourceTitle "CBM 190 Extra"]
[Source "ChessBase"]
[SourceDate "2019.07.15"]
[SourceVersion "1"]
[SourceVersionDate "2019.07.15"]
[SourceQuality "1"]

1. Nf3 {Horn,Peter} Nf6 2. g3 d5 3. Bg2 c5 4. O-O Nc6 5. d3 e5 6. e4 dxe4 7. dxe4 Qxd1 8. Rxd1 Nd4 ({RR} 8... Ng4 9. Re1 Nd4 10. Nxd4 cxd4 11. c3 Bc5 {½-½ (11) Movsziszian,K (2502)-Gleizerov,E (2504) Pontevedra 2016}) ({RR} 8... Nxe4 9. Nxe5 Nxe5 10. Bxe4 Be7 11. Bf4 Ng6 12. Bd6 Bxd6 13. Rxd6 O-O 14. Nc3 Rb8 15. Re1 b6 16. f4 Bg4 17. Nb5 a5 18. Kg2 Rfe8 19. Nc7 Re7 20. Nd5 Ree8 21. Kf2 f5 22. Bd3 Rxe1 23. Kxe1 {Tabuenca Mendataurigoitia,D (2358)-Kornyukov,A (2452) chess.com INT 2024 1-0 (31)}) 9. Nxd4 ({RR} 9. Na3 Bg4 10. Rd3 Bxf3 11. Bxf3 b5 12. c3 Nxf3+ 13. Rxf3 a6) 9... cxd4 10. c3 ({RR} 10. Nd2 Bg4 11. f3 Be6 12. Bf1) 10... Bg4 $146 ({RR} 10... Bc5 11. b4 Bb6 12. Bb2 Bg4 13. Rd2 Rc8 14. h3 Be6 15. Kh2 Ke7 16. cxd4 Bxd4 17. Bxd4 exd4 18. Na3 Rhd8 19. Rad1 d3 20. Rxd3 Rxd3 21. Rxd3 Bxa2 22. e5 Nd7 23. f4 b6 24. Rd2 Bb3 25. Nb5 {Krogius,N-Shishov,M Moscow 1963 1-0 (58)}) ({RR} 10... Bc5 11. b4 Bb6 12. Bb2 Bg4 {½-½ (12) Nikolic,Z (2455)-Todorovic,G (2415) Kladovo 1990 CBM 017 [Horn,Peter]}) 11. f3 Be6 12. cxd4 exd4 13. Bf4 Bc5 14. Nd2 Bb6 15. Bd6 Rd8 16. Ba3 h5 17. Bf1 d3+ 18. Kg2 g5 19. e5 Nd5 20. Ne4 Ne3+ 21. Kh1 f5 22. exf6 Nxd1 23. Rxd1 Bd5 24. Nxg5 Rg8 25. f7+ Bxf7 26. Re1+ Be6 27. Nxe6 d2 28. Bb5+ Kf7 29. Nxd8+ Rxd8 30. Rd1 Be3 31. Bb4 Kg6 32. Kg2 Kf5 33. Bc3 a6 34. Ba4 1-0

[Event "FRA-chT Top 12"]
[Site "Brest"]
[Date "2019.05.22"]
[Round "5.1"]
[White "Amin, Bassem"]
[Black "Nihal, Sarin"]
[Result "1-0"]
[WhiteElo "2704"]
[BlackElo "2598"]
[Annotator "ChessBase II"]
[PlyCount "59"]
[EventDate "2019.05.18"]
[EventType "team-tourn"]
[EventRounds "11"]
[EventCountry "FRA"]
[SourceTitle "CBM 190 Extra"]
[Source "ChessBase"]
[SourceDate "2019.07.15"]
[SourceVersion "1"]
[SourceVersionDate "2019.07.15"]
[SourceQuality "1"]
[WhiteTeam "Clichy 92"]
[BlackTeam "Mulhouse"]
[WhiteTeamCountry "FRA"]
[BlackTeamCountry "FRA"]
[TimeControl "40/5400+30:1800+30"]

1. Nf3 {[%emt 0:01:09]} Nf6 {[%emt 0:00:46]} 2. g3 {[%emt 0:00:08] L'égyptien est un bon spécialiste de l'attaque indienne} b5 $5 {[%emt 0:00:09][%csl Gc4] Une ligne secondaire qui donne des bons résultats pour les Noirs} (2... d5 3. Bg2 Bg4 {La grande ligne}) 3. Bg2 {[%emt 0:00:59]} Bb7 {[%emt 0:00:15]} 4. O-O {[%emt 0:00:17]} e6 {[%emt 0:01:12]} 5. d3 {[%emt 0:00:21]} c5 {[%emt 0:00:51]} 6. e4 {[%emt 0:01:49] La partie a transposé d'une Réti vers une française fermée et les Noirs espèrent gagner un tempo en jouant b5 au lieu de b6} d6 {[%emt 0:00:18]} 7. a4 {[%emt 0:01:00]} b4 {[%emt 0:00:44]} 8. a5 {[%emt 0:04:07]} (8. Nbd2 Nc6 9. Nc4 Qc7 10. Re1 Be7 11. a5 Rd8 12. a6 Ba8 13. Bf4 O-O 14. e5 dxe5 15. Nfxe5 Qc8 16. Nxc6 Bxc6 17. Bxc6 Qxc6 18. b3 Nd7 19. Qe2 Bf6 20. Ra5 Bc3 21. Qe4 Qd5 22. Bd2 Bxd2 23. Qxd5 exd5 24. Nxd2 Rfe8 25. Rxe8+ Rxe8 26. d4 Re2 27. dxc5 Rxd2 28. c6 Nb6 29. Rc5 Kf8 30. Kf1 Ke7 31. Ke1 Rd4 32. c7 Nc8 33. f3 g5 34. Ke2 Kd6 35. Ra5 g4 36. Ke3 Rd1 37. fxg4 Kc6 {Naiditsch,A (2705)-Fedorchuk,S (2648) Riadh 2017 0-1}) 8... Be7 {[%emt 0:23:02]} 9. Nbd2 {[%emt 0:07:44]} O-O {[%emt 0:08:34]} 10. Nc4 {[%emt 0:01:32]} ({RR} 10. Re1 Nbd7 11. Nc4 a6 12. c3 d5 13. exd5 Nxd5 14. Bd2 Qc7 15. Rc1 bxc3 16. bxc3 Rad8 17. h4 h6 18. Rb1 Ba8 19. Nh2 N7f6 20. Qe2 Rfe8 21. Nf3 Nd7 22. d4 Bf8 23. Nfe5 cxd4 24. cxd4 Nxe5 {Hillarp Persson,T (2457)-Pichot,A (2628) Budapest HUN 2024 0-1 (43)}) 10... Nbd7 {[%emt 0:09:23]} 11. Bf4 $146 {[%emt 0:12:06]} (11. Re1 Rc8 12. Bg5 h6 13. Bxf6 Nxf6 14. e5 Bxf3 15. Qxf3 dxe5 16. Rxe5 Nd5 17. Rae1 Bf6 18. R5e4 Ne7 {½-½ (18) Ubilava,E (2525)-Sion Castro,M (2375) Elgoibar 1995}) 11... d5 $146 {[%emt 0:10:03]} ({RR} 11... e5 12. Bg5 h6 13. Bxf6 Nxf6 14. Nh4 Bc8 15. Ne3 h5 16. Nhf5 g6 17. Nxe7+ Qxe7 18. f4 Kg7 19. Qd2 Be6 20. f5 Bd7 21. Rf2 Bc6 22. Raf1 Qc7 23. Nd5 Bxd5 24. exd5 Qxa5 25. Qg5 Qd8 26. Bh3 {Praggnanandhaa,R (2608)-Donchenko,A (2668) Chess.com INT 2020 1-0 (39)}) ({RR} 11... e5 12. Bg5 h6 13. Bxf6 Nxf6 14. Nh4 Bc8 15. Ne3 h5 16. Nhf5 g6 17. Nxe7+ Qxe7 18. f4 Kg7 19. Qd2 Be6 20. f5 Bd7 21. Rf2 Bc6 22. Raf1 Qc7 23. Nd5 Bxd5 24. exd5 Qxa5 25. Qg5 Qd8 26. Bh3 {Praggnanandhaa,R (2608)-Donchenko,A (2668) Chess.com INT 2020 1-0 (39)}) 12. a6 $1 {[%emt 0:04:26][%csl Ra7]} Bc6 {[%emt 0:00:27]} 13. Na5 {[%emt 0:00:47]} Bb5 {[%emt 0:08:11]} 14. e5 {[%emt 0:01:19]} (14. Nb7 Qb6) 14... Ne8 {[%emt 0:02:11]} 15. c4 {[%emt 0:01:03]} bxc3 {[%emt 0:00:09]} 16. bxc3 {[%emt 0:00:09]} Rc8 {[%emt 0:08:21]} (16... Bxa6 $2 17. Nc6) 17. c4 {[%emt 0:13:50]} Bxa6 {[%emt 0:00:54]} 18. cxd5 {[%emt 0:01:08]} exd5 {[%emt 0:00:05]} 19. Bh3 $44 {[%emt 0:00:34]} (19. Nb3 Qb6 $13) 19... Nb6 {[%emt 0:12:04]} 20. Bxc8 {[%emt 0:02:15]} Qxc8 {[%emt 0:03:43]} 21. Nc6 {[%emt 0:00:13]} Qxc6 {[%emt 0:00:05]} 22. Rxa6 {[%emt 0:00:07]} Nc7 {[%emt 0:01:20]} 23. Rxa7 $16 {[%emt 0:00:16][%csl Ga7]} Re8 {[%emt 0:00:01]} 24. Qb3 {[%emt 0:08:06]} Nc8 {[%emt 0:01:38]} 25. Ra5 {[%emt 0:14:16]} d4 {[%emt 0:02:24]} 26. e6 {[%emt 0:03:28]} (26. Nd2 $5 {[%cal Gd2c4]}) 26... Qxe6 {[%emt 0:02:51]} 27. Qb7 {[%emt 0:01:16]} Nd5 {[%emt 0:00:27]} 28. Re1 {[%emt 0:00:53]} Qb6 {[%emt 0:00:33]} 29. Qxb6 {[%emt 0:00:54]} Ncxb6 {[%emt 0:00:11]} 30. Bd6 {[%emt 0:01:45][%csl Re8]} 1-0

[Event "Chess.com Speed (Women)"]
[Site "Chess.com INT"]
[Date "2019.06.23"]
[Round "2.19"]
[White "Kosteniuk, Alexandra"]
[Black "Gunina, Valentina"]
[Result "1-0"]
[WhiteElo "2546"]
[BlackElo "2506"]
[PlyCount "51"]
[EventDate "2019.05.22"]
[EventType "k.o. (blitz)"]
[EventRounds "3"]
[EventCountry "USA"]
[SourceTitle "EXT 2020"]
[Source "ChessBase"]
[SourceDate "2019.10.17"]
[SourceVersion "1"]
[SourceVersionDate "2019.10.17"]
[SourceQuality "1"]

1. Nf3 d5 2. g3 c6 3. Bg2 Bg4 4. O-O Nd7 5. d4 e6 6. h3 Bh5 7. c4 Be7 8. cxd5 exd5 9. Nc3 Ngf6 10. Nh4 O-O 11. f4 $146 ({RR} 11. Nf5 Re8 12. Nxe7+ Qxe7 13. g4 Bg6 14. f3 c5 15. e3 Rad8 16. h4 h6 17. h5 Bh7 18. Bd2 Nb6 19. b3 Nfd7 20. Re1 Nf8 21. dxc5 Qxc5 22. Rc1 d4 23. Ne2 Qa3 24. Nxd4 Qxa2 25. Bc3 Qa3 {Travadon,L (2424)-Raja,R (2408) Chess.com INT 2020 1-0 (33)}) ({RR} 11. Nf5 Re8 12. Nxe7+ Qxe7 13. g4 Bg6 14. f3 c5 15. e3 Rad8 16. h4 h6 17. h5 Bh7 18. Bd2 Nb6 19. b3 Nfd7 20. Re1 Nf8 21. dxc5 Qxc5 22. Rc1 d4 23. Ne2 Qa3 24. Nxd4 Qxa2 25. Bc3 Qa3 {Travadon,L (2424)-Raja,R (2408) Chess.com INT 2020 1-0 (33)}) 11... Ne4 12. Nf5 Nxc3 13. bxc3 f6 14. g4 Bf7 15. e4 dxe4 16. Bxe4 Re8 17. Qc2 Nf8 18. Rb1 Qc7 19. Bd3 c5 20. Bb5 Red8 21. Re1 Bd6 22. Nxd6 Qxd6 23. dxc5 Qxc5+ 24. Be3 Qc7 25. Bd3 Bxa2 26. Qxa2+ 1-0

[Event "German Masters"]
[Site "Magdeburg"]
[Date "2019.05.30"]
[Round "5"]
[White "Meier, Georg"]
[Black "Bindrich, Falko"]
[Result "1-0"]
[WhiteElo "2636"]
[BlackElo "2599"]
[PlyCount "59"]
[EventDate "2019.05.26"]
[EventType "tourn"]
[EventRounds "7"]
[EventCountry "GER"]
[EventCategory "14"]
[SourceTitle "CBM 190 Extra"]
[Source "ChessBase"]
[SourceDate "2019.07.15"]
[SourceVersion "1"]
[SourceVersionDate "2019.07.15"]
[SourceQuality "1"]

1. Nf3 d5 2. g3 c6 3. Bg2 Bg4 4. O-O e6 5. d4 Nd7 6. Nbd2 f5 7. c4 Bd6 8. Qb3 Rb8 9. Re1 Ngf6 10. Ng5 Qe7 11. f3 h6 12. Nxe6 Qxe6 13. fxg4 O-O $146 ({RR} 13... f4 14. cxd5 cxd5 15. gxf4 Bxf4 16. e4 Nxg4 17. Nf1 O-O 18. h3 Nf2 19. Re2 Bxc1 20. Rxc1 Qf7 21. e5 Nb6 22. e6 Qf4 23. e7 Qxc1 24. exf8=Q+ Rxf8 25. Rxf2 Rxf2 26. Kxf2 Qf4+ 27. Ke2 Qxd4 28. Ne3 {Speelman,J (2610)-Garcia,P (2290) Cordoba 1995 1-0}) ({RR} 13... Nxg4 14. cxd5 Qe3+ 15. Qxe3+ Nxe3 16. dxc6 bxc6 17. Ne4 fxe4 18. Bxe3 Nf6 19. b3 Ba3 20. Rad1 O-O 21. Bc1 Bb4 22. Bd2 Ba3 23. e3 Rfe8 24. Bf1 Kh7 25. Bc4 c5 26. Bc3 Rf8 27. Re2 Rbd8 28. Rf1 {Pavlovic,M (2497)-Welling,G (2373) Biel 2006 ½-½ (42)}) 14. cxd5 cxd5 15. gxf5 Qxf5 16. e4 Qh5 17. Nf3 Ng4 18. Qxd5+ Qxd5 19. exd5 Rbc8 20. Re2 a5 21. a3 Rc4 22. Bd2 Rc2 23. Rb1 a4 24. Ne1 Rc4 25. Re6 Bb8 26. Bc3 Ba7 27. Rd1 Nc5 28. Re2 Nb3 29. Nc2 Rd8 30. Re7 1-0

[Event "German Masters"]
[Site "Magdeburg"]
[Date "2019.06.01"]
[Round "7"]
[White "Meier, Georg"]
[Black "Keymer, Vincent"]
[Result "1-0"]
[WhiteElo "2636"]
[BlackElo "2521"]
[PlyCount "85"]
[EventDate "2019.05.26"]
[EventType "tourn"]
[EventRounds "7"]
[EventCountry "GER"]
[EventCategory "14"]
[SourceTitle "CBM 190 Extra"]
[Source "ChessBase"]
[SourceDate "2019.07.15"]
[SourceVersion "1"]
[SourceVersionDate "2019.07.15"]
[SourceQuality "1"]

1. Nf3 d5 2. g3 Bg4 3. Bg2 c6 4. h3 Bh5 5. O-O Nd7 6. d3 Ngf6 7. c4 dxc4 8. dxc4 e6 9. Nc3 Qc7 10. Bf4 e5 11. Be3 Be7 $146 ({RR} 11... Bc5 12. Qc1 O-O 13. Bxc5 Nxc5 14. b4 Ne6 15. e3 Rfd8 16. Qb2 Rd3 17. Rfc1 Rad8 18. Ne1 Rd2 19. Rc2 R2d7 20. Nd5 cxd5 21. cxd5 Qb6 22. dxe6 Qxe6 23. Rac1 Bg6 24. Rc8 Be4 25. Kh2 Bxg2 26. Kxg2 {Kanyadi,Z (2113)-Varga,P (2373) Hungary 2018 ½-½}) 12. Nh4 O-O 13. Qc2 Rfd8 14. g4 Bg6 15. Nxg6 hxg6 16. Rfd1 Bc5 17. Bd2 Nf8 18. g5 Ne8 19. Ne4 Be7 20. h4 Nd6 21. Nxd6 Bxd6 22. b4 a5 23. bxa5 Qc8 24. Bc3 Qe6 25. Qb3 e4 26. c5 Bxc5 27. Rxd8 Rxd8 28. Qxe6 Nxe6 29. e3 Rd3 30. Be1 Ra3 31. Bxe4 Ra4 32. Bf3 Rxh4 33. Rb1 Nxg5 34. Bg2 Ra4 35. Rxb7 Rxa2 36. Bxc6 Ra1 37. Kf1 Ne6 38. Bd5 Kf8 39. Ke2 Nd8 40. Rb5 Bd6 41. Bc3 Rc1 42. Kd2 Rf1 43. a6 1-0

[Event "Cuiaba Contaud op"]
[Site "Cuiaba"]
[Date "2019.06.02"]
[Round "5"]
[White "Bachmann, Axel"]
[Black "Mekhitarian, Krikor Sevag"]
[Result "1-0"]
[WhiteElo "2631"]
[BlackElo "2543"]
[PlyCount "107"]
[EventDate "2019.05.31"]
[EventType "swiss"]
[EventRounds "6"]
[EventCountry "BRA"]
[SourceTitle "CBM 190 Extra"]
[Source "ChessBase"]
[SourceDate "2019.07.15"]
[SourceVersion "1"]
[SourceVersionDate "2019.07.15"]
[SourceQuality "1"]

1. e4 e5 2. Nf3 Nc6 3. g3 Nf6 4. d3 d5 5. exd5 Nxd5 6. Bg2 g6 7. O-O Bg7 8. Re1 O-O 9. Nbd2 Re8 10. c3 h6 11. a4 a5 12. Nc4 Bf5 13. Nh4 Be6 14. Nf3 $146 ({RR} 14. Qc2 Ndb4 15. cxb4 Nxb4 16. Qe2 Nxd3 17. Ne3 Nxe1 18. Qxe1 c6 19. Bd2 Bf6 20. Bc3 Bxh4 21. gxh4 Qf6 22. Qe2 Qf4 23. Qf3 Qxf3 24. Bxf3 f6 25. h5 g5 26. Be4 Red8 27. Kg2 Bd5 28. f3 Kf7 {Lisenkov,S (2241)-Goldin,R (2294) chess.com INT 2025 1-0 (56)}) 14... Bf5 15. Bf1 Qd7 16. Nfd2 Bh3 17. Bxh3 Qxh3 18. Qb3 Nf4 19. gxf4 exf4 20. Qd1 Qxd3 21. Ra3 Kf8 22. b4 Rxe1+ 23. Qxe1 Re8 24. Qf1 Qc2 25. b5 Ne5 26. Nxe5 Bxe5 27. Nf3 Rd8 28. Ra1 Bxc3 29. Ba3+ Kg8 30. Rc1 Qb3 31. Be7 Rd7 32. Qe2 Bg7 33. Kg2 Kh7 34. h4 Qxa4 35. h5 Qb3 36. hxg6+ fxg6 37. Qe4 Qf7 38. Ba3 b6 39. Rc6 Qf5 40. Qxf5 gxf5 41. Bc1 Rd5 42. Rxc7 Rxb5 43. Bxf4 Kg8 44. Ra7 Rb4 45. Kg3 a4 46. Nh4 Rb3+ 47. f3 a3 48. Nxf5 Bb2 49. Nxh6+ Kf8 50. Bd6+ Ke8 51. Re7+ Kd8 52. Nf7+ Kc8 53. Rc7+ Kb8 54. Nd8 1-0

[Event "Norway Masters blitz 7th"]
[Site "Stavanger"]
[Date "2019.06.03"]
[Round "2"]
[White "Grischuk, Alexander"]
[Black "Caruana, Fabiano"]
[Result "1-0"]
[WhiteElo "2775"]
[BlackElo "2819"]
[PlyCount "95"]
[EventDate "2019.06.03"]
[EventType "tourn (blitz)"]
[EventRounds "9"]
[EventCountry "NOR"]
[EventCategory "22"]
[SourceTitle "CBM 190 Extra"]
[Source "ChessBase"]
[SourceDate "2019.07.15"]
[SourceVersion "1"]
[SourceVersionDate "2019.07.15"]
[SourceQuality "1"]

1. Nf3 d5 2. d3 Nf6 3. g3 c5 4. Bg2 Nc6 5. O-O e5 6. e4 d4 7. a4 Bd6 ({RR} 7... Be7 8. Na3 O-O 9. Nc4 Nd7 10. Nfd2 Nb6 11. f4 exf4 12. gxf4 f5 13. Ne5 Nxe5 14. fxe5 f4 15. a5 Nd7 16. Nc4 Bg5 17. h4 Bh6 18. Qh5 Qe7 19. Bd2 Rb8 20. Rf2 b5 21. axb6 axb6 22. Bh3 {Ding,L (2791)-Karjakin,S (2782) Stavanger 2018 1-0 (33)}) 8. Na3 Be6 ({RR} 8... O-O 9. Nh4 a6 10. Bg5 h6 11. Bd2 Be6 12. Nf5 Bxf5 13. exf5 Qd7 14. Qf3 Rab8 15. Nc4 Bc7 16. a5 Ne7 17. Rfe1 Qxf5 18. Nxe5 Qxf3 19. Bxf3 Rfe8 20. Nc4 Ned5 21. Kf1 Kf8 22. Reb1 Bd8 23. b4 {Rihterovic,M (2177)-Sanjay Narayanan P S (2169) Pozarevac SRB 2025 1-0 (35)}) ({RR} 8... h6 9. Nh4 g6 10. f4 exf4 11. gxf4 Ng4 12. Nf3 g5 13. e5 Be7 14. Qe2 gxf4 15. Bxf4 Rg8 16. Nc4 Be6 17. Kh1 Qd7 18. Nfd2 O-O-O 19. a5 Bd5 20. Ne4 Qe6 21. Rae1 Kb8 22. Ncd6 Ne3 23. Bxe3 {Grischuk,A (2764)-Wojtaszek,R (2728) Hamburg 2019 1-0 (51)}) 9. Ng5 $146 ({RR} 9. Nd2 O-O 10. Ndc4 Na5 11. Nxd6 Qxd6 12. f4 Nc6 13. f5 Bd7 14. g4 Ne8 15. g5 f6 16. h4 fxg5 17. hxg5 g6 18. Nc4 Qc7 19. Bh3 Nd6 20. Nxd6 Qxd6 21. Rf2 Qe7 22. f6 Qd6 23. Qf3 Rf7 {Hagesaether,E (2166)-Hoel,H Oslo 2003 1-0 (67)}) 9... Bg4 10. f3 Bh5 11. h4 h6 12. Nh3 Nd7 13. Nf2 g5 14. hxg5 hxg5 15. Bh3 Qe7 16. Kg2 O-O-O 17. Bd2 Kb8 18. Qe2 Nf8 19. Rh1 Ne6 20. Bg4 Bg6 21. Bf5 Rdg8 22. Rxh8 Rxh8 23. Rh1 Rxh1 24. Kxh1 Bc7 25. Nc4 a6 26. Kg2 Ka7 27. Qe1 b5 28. axb5 axb5 29. Na3 Kb6 30. Qh1 Bxf5 31. exf5 Ng7 32. Qh7 f6 33. Ne4 Ne8 34. Qg8 Nd6 35. Qb3 Na7 36. Nc4+ Nxc4 37. dxc4 b4 38. c3 Nc6 39. cxb4 cxb4 40. c5+ Kb5 41. Qd3+ Ka5 42. Qc4 Qd7 43. g4 Qd8 44. Qe6 Na7 45. Nxf6 e4 46. Nxe4 Qh8 47. Nd6 Nc6 48. Qa2# 1-0

[Event "Titled Tuesday intern op 4th June"]
[Site "Chess.com INT"]
[Date "2019.06.04"]
[Round "5"]
[White "Petrosian, Tigran L"]
[Black "Azarov, Sergei Nikolaevich"]
[Result "1-0"]
[WhiteElo "2612"]
[BlackElo "2601"]
[PlyCount "121"]
[EventDate "2019.06.04"]
[EventType "swiss (blitz)"]
[EventRounds "10"]
[EventCountry "USA"]
[SourceTitle "EXT 2021"]
[Source "ChessBase"]
[SourceDate "2020.10.23"]
[SourceVersion "1"]
[SourceVersionDate "2020.10.23"]
[SourceQuality "1"]

1. Nf3 Nf6 2. g3 b6 3. Bg2 Bb7 4. d3 c5 5. e4 d6 6. O-O Nbd7 ({RR} 6... Nc6 7. Re1 e6 8. Nc3 Be7 9. e5 dxe5 10. Nxe5 Qc8 11. Qf3 Na5 12. Ne4 O-O 13. Qe2 Nc6 14. Nxc6 Bxc6 15. Bg5 Nxe4 16. Bxe7 Re8 17. dxe4 Rxe7 18. Rad1 e5 19. Rd6 Qc7 20. Red1 Rd7 21. Rxd7 {Petrosian,T (2598)-Azarov,S (2565) Chess.com INT 2018 1-0 (41)}) 7. c4 ({RR} 7. a4 a6 8. Nc3 g6 9. Nd2 Rb8 10. Nc4 Bg7 11. Bg5 O-O 12. Qd2 Ba8 13. Bh6 b5 14. axb5 axb5 15. Bxg7 Kxg7 16. Na5 Qb6 17. b4 cxb4 18. Ne2 d5 19. Qxb4 dxe4 20. dxe4 e5 21. Nc3 Rfc8 {Svidler,P (2723)-Salgado Lopez,I (2605) Moscow 2019 ½-½ (33)}) 7... g6 8. Nc3 e5 $146 ({RR} 8... Bg7 9. Nh4 O-O 10. f4 Ne8 11. f5 Ne5 12. h3 e6 13. fxe6 fxe6 14. Rxf8+ Bxf8 15. Be3 Bg7 16. Qd2 Nc7 17. Rf1 Qd7 18. Nf3 Rf8 19. Kh2 Nxf3+ 20. Rxf3 Rxf3 21. Bxf3 d5 22. cxd5 exd5 23. Bh6 {Podkopaev,M (2026)-Bukarin,M (1958) Voronezh 2016 ½-½ (44)}) 9. Ne1 h5 10. f4 h4 11. g4 h3 12. Bh1 exf4 13. Bxf4 Ne5 14. Bxe5 dxe5 15. Qf3 Rh4 16. Qxf6 Rxg4+ 17. Bg2 Qxf6 18. Rxf6 Be7 19. Rf3 hxg2 20. Nxg2 f5 21. Rh3 O-O-O 22. Re1 fxe4 23. Nxe4 Bxe4 24. Rxe4 Rxe4 25. dxe4 Rd1+ 26. Kf2 Rd2+ 27. Kf3 Rxb2 28. Ne3 Rxa2 29. Rh8+ Kd7 30. Nd5 Bg5 31. Rh7+ Kd6 32. h4 Bc1 33. Rg7 Rh2 34. Rxg6+ Kd7 35. Kg3 Rh1 36. Rg7+ Kd6 37. Rxa7 Bf4+ 38. Kg4 Ke6 39. Re7+ Kd6 40. Rb7 Rc1 41. Rxb6+ Kd7 42. Rb3 Kd6 43. Rc3 Rd1 44. Ra3 Rg1+ 45. Kf5 Rh1 46. Ra6+ Kd7 47. Nf6+ Kc7 48. h5 Rf1 49. Nd5+ Kb7 50. Rb6+ Ka7 51. Rb3 Rh1 52. Nxf4 exf4 53. Kxf4 Rxh5 54. e5 Rh4+ 55. Kf5 Rxc4 56. e6 Rc1 57. Re3 Rf1+ 58. Ke5 Rf8 59. e7 Rh8 60. Kd6 Kb6 61. e8=Q 1-0

[Event "Titled Tuesday intern op 4th June"]
[Site "Chess.com INT"]
[Date "2019.06.04"]
[Round "8"]
[White "Amin, Bassem"]
[Black "Antipov, Mikhail Al"]
[Result "1-0"]
[WhiteElo "2707"]
[BlackElo "2582"]
[PlyCount "121"]
[EventDate "2019.06.04"]
[EventType "swiss (blitz)"]
[EventRounds "10"]
[EventCountry "USA"]
[SourceTitle "EXT 2021"]
[Source "ChessBase"]
[SourceDate "2020.10.23"]
[SourceVersion "1"]
[SourceVersionDate "2020.10.23"]
[SourceQuality "1"]

1. Nf3 Nf6 2. g3 g6 3. Bg2 Bg7 4. O-O O-O 5. d3 c5 6. e4 d6 7. c3 Nc6 8. Re1 Bg4 9. h3 Bxf3 10. Qxf3 e6 ({RR} 10... Rb8 11. Qd1 Nd7 12. Be3 b5 13. d4 b4 14. e5 bxc3 15. bxc3 Qc7 16. exd6 exd6 17. Na3 Rfc8 18. Rc1 Na5 19. Qa4 a6 20. Rb1 Nc6 21. Rxb8 Ncxb8 22. Rb1 Qd8 23. Nc4 cxd4 24. cxd4 Nf8 25. Nb6 {Ljubojevic,L (2600)-Kramnik,V (2710) Monte Carlo 1994 1-0 (39)}) ({RR} 10... Rb8 11. Be3 Nd7 12. Rd1 b5 13. a3 a5 14. d4 cxd4 15. cxd4 Nb6 16. e5 d5 17. Nc3 e6 18. Nxb5 Nc4 19. a4 Nxb2 20. Rdc1 Nb4 21. Bf1 f6 22. exf6 Bxf6 23. Qg4 Rb6 24. Bf4 Qe8 25. Bc7 {Amin,B (2662)-Flores,D (2579) Doha 2016 1-0 (35)}) 11. Be3 ({RR} 11. Bg5 h6 12. Be3 Qe7 13. Nd2 Rfd8 14. d4 cxd4 15. cxd4 Rac8 16. a3 d5 17. e5 Nd7 18. h4 Nb6 19. Bf1 Na5 20. b3 Rd7 21. b4 Nac4 22. Nb3 Nxe3 23. Rxe3 Nc4 24. Ree1 b6 25. h5 Qg5 {Poelig,J (1846)-Mimkes,P (1621) Verden an der Aller 2020 1-0 (43)}) 11... Rc8 12. Qd1 $146 ({RR} 12. Qe2 Nd7 13. f4 b5 14. Nd2 b4 15. Rac1 a5 16. Nf3 a4 17. d4 a3 18. bxa3 bxc3 19. dxc5 Nxc5 20. Bxc5 dxc5 21. e5 Nd4 22. Qc4 Nxf3+ 23. Bxf3 Qd4+ 24. Qxd4 cxd4 25. Red1 Rfd8 26. Rd3 Bf8 {Lehtinen,H (2190)-Maki Uuro,M (2315) Salo 1998 0-1 (40)}) 12... b6 13. d4 cxd4 14. cxd4 d5 15. e5 Nd7 16. Nc3 a6 17. Rc1 b5 18. h4 Nb6 19. b3 Qe7 20. h5 Rfe8 21. h6 Bf8 22. Qd2 Rc7 23. Nb1 Rec8 24. a3 Qd7 25. Bg5 Ne7 26. Bf1 Rxc1 27. Rxc1 Rxc1 28. Qxc1 Nc6 29. Qd2 Nc8 30. a4 bxa4 31. bxa4 Qb7 32. Nc3 Qb4 33. Be3 Nb6 34. Bxa6 Nxa4 35. Nxa4 Qxa4 36. Bf1 Qa7 37. Qc3 Qb6 38. Kg2 Be7 39. Be2 Bf8 40. Bd1 Ne7 41. Bc2 Nc6 42. Ba4 Ne7 43. g4 Qd8 44. Qb3 Qa8 45. Qb5 Nc8 46. Qe8 Nb6 47. Qxa8 Nxa8 48. Bb5 Nc7 49. Bd3 Bb4 50. Kf1 Kf8 51. Ke2 Ke8 52. Kd1 Kd7 53. Kc2 Kc6 54. Kb3 Ba5 55. f4 Bb6 56. Kb4 Ba7 57. f5 exf5 58. gxf5 g5 59. f6 Ne6 60. Bxh7 g4 61. Bf5 1-0